Statistics for melanie martinez first line quiz

Click here to take the quiz!

General Stats

  • This quiz has been taken 834 times
  • The average score is 14 of 19

Answer Stats

First line of the songSong title% Correct
hey girl open the walls play with your dollsdollhouse
98%
my friends dont walk they runmad hatter
96%
blood still stains when the sheets are washedsippy cup
96%
tired blue boy walks my waypacify her
95%
did my invitations disappearpity party
92%
round and round like a horsecarousel
91%
looking at me through your windowtag youre it
89%
always aiming paper airplanes at me when youre aroundalphabet boy
88%
you seem to replace your brain with your heartcry baby
87%
if you werent born with itmrs potato head
86%
riding down riding down my hand on your seattraining wheels
83%
one two melatonin is coming for youmilk and cookies
81%
think i just remembered somethingsoap
78%
my condolences ill shed a tear with your familydead to me
68%
sweet boy straight out the movie screenbittersweet tragedy
47%
i was three years old all i wanted was the musicpiggyback
38%
pinky promise ill still love your gardenbombs on monday
26%
just cause i bought a band aidblue knees
22%
the end i move back inyou love i
14%

Score Distribution

Percentile by Number Answered

Percent of People with Each Score

Your Score History

You have not taken this quiz